Nothing but Thieves Trivia - Statistics

General Stats
  • This quiz has been taken 237 times
  • The average score is 9 of 12
Answer Stats
Question Answer % Correct
Nationality English
96%
Vocalist Conor Mason
92%
Second Album Broken Machine
91%
Debut Album Nothing but Thieves
89%
County Essex
76%
Guitarist Dom Craik
75%
Drummer James Price
72%
Lead Guitarist Joe Langridge-Brown
67%
Bassist Philip Blake
63%
Formed in 2012
58%
Song on Fifa Tripswitch
56%
Record Label Sony
46%
No matching quizzes found
Score Distribution
Percent of People with Each Score
Percentile by Number Answered
Your Score History
You have not taken this quiz